000
00338nam a2200133Ia 4500
008
220216s9999 xx 000 0 und d
100
_a
Thomas V
245
0
_a
Puthiya rubber inangale engane thirichariyam
260
_b
Rubber (Malayalam)
_c
2006
300
_a
14-Dec
650
_a
RRII400 series
650
_a
Rubber clones
942
_c
BS
999
_c
49155
_d
49155